Регионална библиотека "Любен Каравелов" - Русе

379 дни с Милен Цветков (Запис номер 412961)

MARC детайли
000 -Лидер
Контролно поле с фиксирана дължина 01685nam a2200337 a 4500
003 - Код на организацията, давaща контролен номер
Контролно поле BLK
005 - Дата и час на последна редакция
Контролно поле 20250628161044.0
008 - Елементи от данни с фиксирана дължина
fixed length control field 191026b bu ||||| |||| 00| 1 bu d
020 ## - Международен стандартен номер на книга ISBN
Международен стандартен номер на книга ISBN 9786191952892
040 ## - Източник на каталожния запис
Идентификатор на билиотеката - собственик на записа BLK
041 ## - Код за език
Код за езика на текст/звукозапис или на отделно заглавие Български
Код за езика КДБФ Български
080 ## - УДК
Текстов определител УДК Българска литература
УДК код - определител по УДК 821.163.2
УДК определител -94
УДК - код + определител 821.163.2-94
080 ## - УДК
Текстов определител УДК Вестници. Преса. Журналистика
УДК код - определител по УДК 070
УДК определител (497.2)(092)(0:82-94)
УДК - код + определител 070(497.2)(092)(0:82-94)
080 ## - УДК
Текстов определител УДК Телевизионен журналист
УДК код - определител по УДК 929 Цветков, Милен Викторов
УДК - код + определител 929 Цветков, Милен Викторов
100 1# - Редна дума - Автор
R(LIN) 71588
Автор Иванова, Милена
Авторска отговорност първи автор
139 ## - Редно поле
Редна дума Иванова, Милена
Авторски знак Иванова - И 22
245 ## - Сведения за заглавието
Заглавие 379 дни с Милен Цветков
Подзаглавни данни Историята на една чакана любов
Редно поле (дума) Милена Иванова; под ред. на Георги Тошев.
257 ## - Страна на издаване
Страна на създаване/издаване България
260 ## - Област на издателските данни
Място на издаване, разпространение и проч. София
Име на издателя, разпространителя и проч. Книгомания
Година на издаване 2021
9 (RLIN) 214104
Печатница Костинброд : Мултипринт ООД
300 ## - Физическа характеристика
Страници 200
Размери/Мащаб 21 см
Илюстрации и др. 32 с. : ил.
380 ## - Жанр
Жанр Худож. лит.
500 ## - Общи забележки
Забележка Биогр. данни за авт. отбелязани на 2-ра кор. - Спомени за Милен Цветков: с. 183-199
650 #0 - Допълнително описание по предмет – тема
9 (RLIN) 321857
Основно описание – тема или топоним Журналистика - България
653 #7 - Ключова дума – ненормативна
9 (RLIN) 198107
Ключова дума телевизионна журналистика
653 #7 - Ключова дума – ненормативна
9 (RLIN) 197141
Ключова дума спомени
700 ## - Други автори (авторска отговорност)
9 (RLIN) 461587
Лично име Тошев, Георги Коцев
Автороска отговорност (Описва отношението между автора и произведението) под ред. на
852 ## - Местоположение
Форматна сигнатура Цб 312734
Фондова буква Хранилище
999 ## - СИСТЕМНИ КОНТРОЛНИ НОМЕРА
Koha biblionumber 412961
Koha biblioitemnumber 412961
942 ## - АРТИКУЛИ
Вид на библиотечния материал Книги
Скрит в OPAC Не
Периодичен библиозапис Да
Koha issues (borrowed), all copies 34
944 ## - СЪЗДАВАНЕ И РЕДАКЦИЯ на ЗАПИСА
Служител, извършил регистрацията/редакцията 30575
Статус, дата на статуса Мартин Енчев
944 ## - СЪЗДАВАНЕ И РЕДАКЦИЯ на ЗАПИСА
Служител, извършил регистрацията/редакцията СТ
Статус, дата на статуса 2022-05-13
Наличности
Код за отписване Код за изгубен артикул Източник на класификационната схема Код за повреда Коз за рестрикции Код за отдаване Артикулен № Име на библиотеката - собственик Име на библиотеката, в която се намира в момента Статус (Текущо местоположение) Дата на вписване в системата Местоположение - отдел Цена в лева Систематично азбучна сигнатура Баркод Цена в евро Служебен тип на артикула
  Не е изгубен Universal Decimal Classification Не е повреден без рестрикции заемане за дома 830180 Регионална библиотека "Любен Каравелов" Русе Регионална библиотека "Любен Каравелов" Русе Заемна - подръчен фонд 2021-05-17 Заемна - подръчен фонд 11.25 821.163.2-9/И 22 М 120000855123 5.75 Книги
  Не е изгубен Universal Decimal Classification Не е повреден без рестрикции заемане за дома 830181 Регионална библиотека "Любен Каравелов" Русе Регионална библиотека "Любен Каравелов" Русе Заемна - подръчен фонд 2021-05-17 Заемна - подръчен фонд 11.25 821.163.2-9/И 22 М 120000855124 5.75 Книги
  Не е изгубен Universal Decimal Classification Не е повреден само за читалня ползва се в читалня 884445 Регионална библиотека "Любен Каравелов" Русе Регионална библиотека "Любен Каравелов" Русе Хранилище 2022-05-16 Хранилище 15.00 Цб 312734 120000872462 7.67 Книги
Vip Innovations Ltd, Rousse, Bulgaria 2025